000
00304nam a2200133Ia 4500
100
_a
Thirkell/C.H/ Ingham/E. ed.
942
_c
BK
654
_a
Engine & Boiler
245
_a
Engine & Boiler Accessories
260
_b
The Bennett College
_a
Sheffield
300
_a
262
546
_a
ENGLISH
999
_c
20166
_d
20166